The art of systems architecting
Saved in:
| Main Author: | |
|---|---|
| Other Authors: | , |
| Format: | Book |
| Language: | English |
| Published: |
Boca Raton :
CRC Press,
2000
|
| Edition: | 2nd ed. |
| Subjects: | |
| Tags: |
Add Tag
No Tags, Be the first to tag this record!
|
MARC
| LEADER | 00000nam a2200000 i 4500 | ||
|---|---|---|---|
| 001 | 1/20013 | ||
| 008 | 010706s2000 eng d | ||
| 020 | |a 0-8493-0440-7 | ||
| 035 | |l 10067051 | ||
| 040 | |a GR-MY-UA |b gre |e aacr | ||
| 041 | 0 | |a eng | |
| 082 | 0 | |a 620.001171 | |
| 100 | 1 | |a Maier, Mark. | |
| 245 | 1 | 4 | |a The art of systems architecting / |c Mark W. Maier, Eberhardt Rechtin |
| 250 | |a 2nd ed. | ||
| 260 | |a Boca Raton : |b CRC Press, |c 2000 | ||
| 300 | |a 313 p.; |b ill.; |c 25 cm. | ||
| 500 | |a Prev. ed. entered under Rechtin. | ||
| 504 | |a Includes bibliographical references and indexes | ||
| 650 | 0 | 0 | |a Systems engineering. |
| 700 | 1 | |a Rechtin, Eberhardt. | |
| 700 | 1 | |a Rechtin, Eberhardt |c Art of systems architecting. | |
| 852 | |a INST |b SAMOS |e 20010706 |h 620.001171 MAI |p 005300020657 |q 005300020657 |t BK |y 0 | ||
| 901 | |a BIBL3-2001-2 | ||
| 909 | |a Σ |b 087045 | ||
| 922 | |a 3ΕΛΗ |b 200002 |c ΤΠΕΣ/ΠΟΛ |d LEADER | ||
| 970 | |a ΜΑΛΑΓΑΡΗ |b ΦΩΤΕΙΝΗ |z 2001/07/06 | ||